Betclic 1 Liga 2026/27 - nagła śmierć - Statystyki

Ogólne statystyki
  • Ten quiz został rozwiązany 6 razy
  • Średni wynik to 7 z 18
Answers on the Grid
Answers color-coded by a green-red scale on the quiz's grid according to % correct below.
Arka Gdynia
Lechia Gdańsk
Bruk-Bet Termalica Nieciecza
Chrobry Głogów
ŁKS Łódź
Polonia Warszawa
Polonia Bytom
Stal Mielec
Stal Rzeszów
Pogoń Siedlce
Pogoń Grodzisk Mazowiecki
Warta Poznań
Unia Skierniewice
Podbeskidzie Bielsko-Biała
Ruch Chorzów
Miedź Legnica
Odra Opole
Puszcza Niepołomice
Korona Kielce
Piast Gliwice
Śląsk Wrocław
Wieczysta Kraków
Wisła Kraków
GKS Tychy
Górnik Łęczna
Znicz Pruszków
Podhale Nowy Targ
Resovia Rzeszów
Olimpia Grudziądz
Zawisza Bydgoszcz
 
Statystyki odpowiedzi
Odpowiedź % Poprawnych
Ruch Chorzów
75%
Arka Gdynia
50%
Bruk-Bet Termalica Nieciecza
50%
Chrobry Głogów
50%
Lechia Gdańsk
50%
ŁKS Łódź
50%
Odra Opole
50%
Pogoń Grodzisk Mazowiecki
50%
Polonia Bytom
50%
Miedź Legnica
25%
Podbeskidzie Bielsko-Biała
25%
Polonia Warszawa
25%
Puszcza Niepołomice
25%
Stal Mielec
25%
Stal Rzeszów
25%
Unia Skierniewice
25%
Warta Poznań
25%
Pogoń Siedlce
0%
Nie znaleziono quizów pasujących do podanych kryteriów
Rozkład punktacji
Procent ludzi z każdym wynikiem
Percentyl według liczby udzielonych odpowiedzi
Twoja historia wyników
Nie rozwiązałeś tego quizu